How to make Portraits (Record no. 2805)
[ view plain ]
| 000 -LEADER | |
|---|---|
| fixed length control field | 00230nam a22000857a 4500 |
| 008 - FIXED-LENGTH DATA ELEMENTS--GENERAL INFORMATION | |
| fixed length control field | 160816b xxu||||| |||| 00| 0 eng d |
| 100 ## - MAIN ENTRY--PERSONAL NAME | |
| 9 (RLIN) | 149 |
| Personal name | Kaur, V |
| 245 ## - TITLE STATEMENT | |
| Title | How to make Portraits |
| 260 ## - PUBLICATION, DISTRIBUTION, ETC. (IMPRINT) | |
| Place of publication, distribution, etc. | New Delhi |
| Name of publisher, distributor, etc. | Dreamland publication |
| Date of publication, distribution, etc. | 2000 |
| Withdrawn status | Lost status | Source of classification or shelving scheme | Damaged status | Koha normalized classification for sorting | Not for loan | Home library | Current library | Shelving location | Date acquired | Total Checkouts | Full call number | Barcode | Date last seen | Date last checked out | Price effective from | Koha item type |
|---|---|---|---|---|---|---|---|---|---|---|---|---|---|---|---|---|
| Dewey Decimal Classification | 741_000000000000000 | Good Samaritan School Library | Good Samaritan School Library | ART & CRAFT | 08/16/2016 | 1 | 741 | KAU1733 | 08/22/2016 | 08/16/2016 | 08/16/2016 | BOOK |